000 00542nmm a2200169Ia 4500
008 251105s9999||||xx |||||||||||||||||und||
020 _a9789587385052
041 _aspa
100 _aQuinche Ramírez, Víctor Alberto
245 0 _aAndrés de Santa María en los críticos de arte colombianos
264 _a[Bogotá, Colombia] :
_bUniversidad del Rosario,
_c2014
300 _a120 páginas
490 _aTextos de Ciencias Humanas
650 _aArts in general
856 _uhttps://public.digitaliapublishing.com/a/46313
942 _cCF
999 _c95797
_d95797